Центры окраски и люминесценции в облученных импульсными электронными пучками кристаллах LiF(U); Оптика и спектроскопия; Т. 112, № 4
| Parent link: | Оптика и спектроскопия.— , 1956- Т. 112, № 4.— 2012.— [С. 632-637] |
|---|---|
| প্রধান লেখক: | |
| সংস্থা লেখক: | |
| অন্যান্য লেখক: | , |
| সংক্ষিপ্ত: | Заглавие с экрана С использованием время-разрешающей техники оптической спектрометрии изучены характеристики центров окраски и люминесценции, наводимых в кристаллах LiF:0.01 М%U6+импульсами ускоренных электронов (0.25 МэВ, 15 нс, 8200 мДж/см2) в области температур 77350 К. Установлены факты совпадения значений константы времени стадии экспоненциального нарастания интенсивности катодолюминесценции в видимой области спектра после окончания импульса облучения с временами затухания группы линий в УФ области при T = 77280 К и временами спада числа наводимых импульсом радиации Vk-центров при T > 280 К. Обсуждены механизмы заселения основного излучательного уровня центра свечения и структура его электронной и ядерной подсистем. Режим доступа: по договору с организацией-держателем ресурса |
| ভাষা: | রুশ |
| প্রকাশিত: |
2012
|
| বিষয়গুলি: | |
| অনলাইন ব্যবহার করুন: | http://elibrary.ru/item.asp?id=17679752 |
| বিন্যাস: | বৈদ্যুতিক গ্রন্থের অধ্যায় |
| KOHA link: | https://koha.lib.tpu.ru/cgi-bin/koha/opac-detail.pl?biblionumber=652722 |
MARC
| LEADER | 00000naa0a2200000 4500 | ||
|---|---|---|---|
| 001 | 652722 | ||
| 005 | 20250204164503.0 | ||
| 035 | |a (RuTPU)RU\TPU\network\18060 | ||
| 090 | |a 652722 | ||
| 100 | |a 20170124d2012 k||y0rusy50 ca | ||
| 101 | 0 | |a rus | |
| 102 | |a RU | ||
| 135 | |a drcn ---uucaa | ||
| 181 | 0 | |a i | |
| 182 | 0 | |a b | |
| 200 | 1 | |a Центры окраски и люминесценции в облученных импульсными электронными пучками кристаллах LiF(U) |f В. Ю. Яковлев, А. В. Моисеева, Г. С. Денисов | |
| 203 | |a Текст |c электронный | ||
| 300 | |a Заглавие с экрана | ||
| 320 | |a [Библиогр.: 11 назв.] | ||
| 330 | |a С использованием время-разрешающей техники оптической спектрометрии изучены характеристики центров окраски и люминесценции, наводимых в кристаллах LiF:0.01 М%U6+импульсами ускоренных электронов (0.25 МэВ, 15 нс, 8200 мДж/см2) в области температур 77350 К. Установлены факты совпадения значений константы времени стадии экспоненциального нарастания интенсивности катодолюминесценции в видимой области спектра после окончания импульса облучения с временами затухания группы линий в УФ области при T = 77280 К и временами спада числа наводимых импульсом радиации Vk-центров при T > 280 К. Обсуждены механизмы заселения основного излучательного уровня центра свечения и структура его электронной и ядерной подсистем. | ||
| 333 | |a Режим доступа: по договору с организацией-держателем ресурса | ||
| 461 | |t Оптика и спектроскопия |d 1956- | ||
| 463 | |t Т. 112, № 4 |v [С. 632-637] |d 2012 | ||
| 610 | 1 | |a электронный ресурс | |
| 610 | 1 | |a труды учёных ТПУ | |
| 610 | 1 | |a центры окраски | |
| 610 | 1 | |a люминесценция | |
| 610 | 1 | |a электронные пучки | |
| 700 | 1 | |a Яковлев |b В. Ю. |c специалист в области светотехники |c профессор Томского политехнического университета, доктор физико-математических наук |f 1949- |g Виктор Юрьевич |3 (RuTPU)RU\TPU\pers\22024 |9 9321 | |
| 701 | 1 | |a Моисеева |b А. В. |c физик |c инженер Томского политехнического университета |f 1987- |g Алиса Вадимовна |3 (RuTPU)RU\TPU\pers\37815 | |
| 701 | 1 | |a Денисов |b Г. С. |g Геннадий Степанович | |
| 712 | 0 | 2 | |a Национальный исследовательский Томский политехнический университет (ТПУ) |b Физико-технический институт (ФТИ) |b Кафедра прикладной физики (№ 12) (ПФ) |3 (RuTPU)RU\TPU\col\18729 |
| 801 | 2 | |a RU |b 63413507 |c 20170124 |g RCR | |
| 856 | 4 | |u http://elibrary.ru/item.asp?id=17679752 | |
| 942 | |c CF | ||